Responses for Show #6628 - Wednesday, June 12, 2013

Contestants

[<< previous game]

Erin Murphy, a hospice nurse from Villa Hills, Kentucky

Andre Green, a data analyst from Somerville, Massachusetts

Tim Anderson, a Spanish professor from Rockford, Illinois (whose 3-day cash winnings total $56,001)

[next game >>]

Jeopardy! Round responses

A BUNCH OF BOOKS
AMERICAN FOOD & DRINK
THEIR MIDDLE INITIAL
NATIONAL HISTORICAL PARKS
LEGENDS OF ROCK
AN UNFINISHED CATEG
    $200 7
Of Mice and Men

Andre
    $200 12
Kool-Aid

Tim
    $200 1
D.

Tim
    $200 13
Rosie the Riveter

Tim
    $200 6
Sandy

Tim
    $200 22
incomplete

Andre
    $400 8
The Name of the Rose

Andre
    $400 18
red velvet cake

Andre
    $400 2
B.

Tim
    $400 14
Appomattox Courthouse

Tim
    $400 27
Alice Cooper

Erin
    $400 23
baked

Andre
    $600 9
A Game of Thrones

Andre
    $600 19
(Erin: What is Dr Pepper?)

Dr. Brown

Erin
Triple Stumper
    $600 3
F.

Tim
    $1,000 15
a minuteman

Tim
    $600 28
Stevie Nicks

Tim
    $600 24
limited

Andre
    $800 10
Heart of Darkness

Tim
    $800 20
eggs benedict

Erin
    $800 4
R.

Andre
    $800 16
whaling

Tim
    $800 29
Heart

Triple Stumper
    $800 25
partial

Andre
    $1000 11
The Bonfire of the Vanities

Andre
    $1000 21
an Elberta peach

Tim
    $1000 5
S.

Andre
    $1000 17
(Father) Damien

Tim
    $1000 30
Bob Dylan

Erin
    $1000 26
a fragment

Tim

Scores at the first commercial break (after clue 15):

Tim Andre Erin
$4,000 $4,000 $0

Scores at the end of the Jeopardy! Round:

Tim Andre Erin
$8,400 $6,400 $1,600

Double Jeopardy! Round responses

EGRETS ONLY
ARCHITECTURE
AROUND THE WORLD
MOVIES BY COUPLE
THE REFORMATION
WHAT A "FUN" TIME
    $400 23
(Erin: What is scarlet?)

white

AndreErin
    $400 2
a museum

Andre
    $400 3
Tunisia

Tim
    $400 1
Titanic

Tim
    $400 12
Henry VIII

Tim
    $400 17
a funnel

Tim
    $800 30
feathers

Erin
    $1,200 4
Gothic

Tim
    $800 8
Cork (or Clare)

Tim
    $800 21
Doctor Zhivago

Tim
    $800 13
baptism

Tim
    $800 18
a fungo

Andre
    $5,000 25
the Audubon Society

Andre
    $1200 5
a column

Tim
    $1200 9
Tegucigalpa

Tim
    $1200 24
Moulin Rouge!

Triple Stumper
    $1200 14
Calvin

Tim
    $1200 19
(Alex: [*]? ...Yeah, we'll use that.)

an antifungal

Erin
    $1600 26
colonies

Erin
    $1600 6
bungalows

Triple Stumper
    $1600 10
(Andre: What is the Persian?)

the Gulf of Aqaba (or the Gulf of Suez)

TimAndre
    $1600 27
Silver Linings Playbook

Andre
    $1600 15
faith

Andre
    $1600 20
Funk

Andre
    $2000 29
Brazil

Andre
    $2000 7
the cloisters

Tim
    $2000 11
Western Australia

Triple Stumper
    $2000 28
The Notebook

Andre
    $2000 16
the Counter-Reformation

Tim
    $2000 22
a funambulist

Tim

Scores at the end of the Double Jeopardy! Round:

Tim Andre Erin
$24,800 $20,200 $4,800

[wagering suggestions for these scores]

Final Jeopardy! Round responses

20th CENTURY HISTORY
(Alex: [To Erin] Elizabeth [*], following her father, King George VI; you are right.)
ErinWhat is II second?
$4,000
AndreWhat is is the Second?
$5,000
TimWhat is Fourth?
$15,601
Second

Final scores:

Tim Andre Erin
$9,199 $25,200 $8,800
2nd place: $2,000 New champion: $25,200 3rd place: $1,000

Game dynamics:

Coryat scores:

Tim Andre Erin
$24,000 $16,400 $4,800
29 R
(including 2 DDs),
0 W
20 R
(including 1 DD),
1 W
6 R,
2 W

Combined Coryat: $45,200

[game clues] [game scores] [suggest correction]

Game tape date: 2013-02-05
The J! Archive is created by fans, for fans. Scraping, republication, monetization, and malicious use prohibited; this site may use cookies and collect identifying information. See terms. The Jeopardy! game show and all elements thereof, including but not limited to copyright and trademark thereto, are the property of Jeopardy Productions, Inc. and are protected under law. This website is not affiliated with, sponsored by, or operated by Jeopardy Productions, Inc. Join the discussion at JBoard.tv.